000
00289nam a2200109Ia 4500
001
588676
005
20250717120836.0
008
250717s9999 xx 000 0 und d
245
0
_a
Y-2 SORULARLA OSMANLI İMRATORLUĞU 5
_c
ERHAN AFYONCU
260
_b
YEDİTEPE YAYINLARI
_c
2017
300
_b
322
999
_c
588676
_d
588676